000 00324nam a2200133 i 4500
001 bg
100 1 _aZEMŁA, Stefan
245 0 _aZagospodarowanie terenu w hutnictwie żelaza /
_cStefan Zemła.
260 _aKraków,
_c1979.
040 _cBPK
041 _apol
942 _cKS
008 s pl f |000 0 pol
999 _c19127
_d19127
856 _uhttp://koha.tu.koszalin.pl/cgi-bin/koha/opac-detail.pl?biblionumber=19127
_yKatalog online BPK